Diálogos / (Record no. 121635)
[ view plain ]
| 000 -LEADER | |
|---|---|
| campo de control de longitud fija | 01044nam a2200205 4500 |
| 001 - NÚMERO DE CONTROL | |
| campo de control | 121635 |
| 003 - IDENTIFICADOR DE NÚMERO DE CONTROL | |
| campo de control | ES-MaACL |
| 005 - FECHA Y HORA DE LA ÚLTIMA TRANSACCIÓN | |
| campo de control | 20251201193354.0 |
| 007 - CAMPO FIJO DE DESCRIPCIÓN FÍSICA--INFORMACIÓN GENERAL | |
| campo de control de longitud fija | t| |
| 008 - DATOS DE LONGITUD FIJA--INFORMACIÓN GENERAL | |
| campo de control de longitud fija | 070214n19001999sp r ||||1| spa d |
| 100 0# - ENTRADA PRINCIPAL--NOMBRE DE PERSONA | |
| Nombre de persona | Platón. |
| 9 (RLIN) | 92598 |
| 245 10 - MENCIÓN DEL TÍTULO | |
| Título | Diálogos / |
| Mención de responsabilidad, etc. | Platón ; traducción, noticias preliminares, notas y estampa socrática de Juan B. Bergua. |
| 250 ## - MENCION DE EDICION | |
| Mención de edición | 6ª ed., rev., corr. y mejorada. |
| 260 ## - PUBLICACIÓN, DISTRIBUCIÓN, ETC. | |
| Lugar de publicación, distribución, etc. | Madrid : |
| Nombre del editor, distribuidor, etc. | Ediciones Ibéricas, |
| Fecha de publicación, distribución, etc. | [19__?] |
| 300 ## - DESCRIPCIÓN FÍSICA | |
| Extensión | 7 t. ; |
| Dimensiones | 16 cm. |
| 505 8# - NOTA DE CONTENIDO CON FORMATO | |
| Nota de contenido con formato | Contiene: t. I: Apología de Sócrates ; Kriton ; Entifron ; Primer Hippias ; Laches ; Charmides ; Lisis ; ALkibiades ; Ión --- v. II: Segundo Hippias ; Protágoras ; Eutidemos ; Gorgias --- v. III: Menexenos ; Menon ; Krátilos ; Faidros --- v. V: La República --- v. VI: Parménides ; Teaitetos Sofista ; Políticos --- v. VIII: Las Leyes ; Epinomio --- V. IX: Diálogos dudosos --- [Faltan los v. IV y VII] |
| 700 1# - ENTRADA AGREGADA--NOMBRE PERSONAL | |
| Nombre de persona | Bergua, Juan B., |
| Fechas asociadas al nombre | 1892-1991 |
| 9 (RLIN) | 28018 |
| 852 ## - LOCALIZACIÓN | |
| Ubicación | ES-MaACL |
| Número de control de estantería | E-3844-50 |
| Sublocalización o colección | R.40035 |
| Estatus retirado | Estado de pérdida | Estado de daño | No para préstamo | Biblioteca de origen | Biblioteca actual | Ubicación en estantería | Fecha de adquisición | Fuente de adquisición | Total de préstamos | Signatura topográfica completa | Código de barras | Visto por última vez | Precio de reemplazo | Tipo de ítem Koha |
|---|---|---|---|---|---|---|---|---|---|---|---|---|---|---|
| Biblioteca del Ateneo de Madrid | Biblioteca del Ateneo de Madrid | Depósito 2 | 17/01/2008 | E-3844-50 | 1126759 | 23/02/2023 | 23/02/2023 | Libro impreso |
